000 00864nam0a22002651 4500
001 rc\2949843
005 20250806211410.0
035 _a(NLR Aleph) 007097585
090 _a55434
_c55434
100 _a20040929d1943 u y0rusy50 ca
101 0 _arus
102 _aRU
105 _aa z ||||y
200 1 _aЗаправка, регулировка домашней швейной машины и уход за ней
205 _a(2-е изд.)
210 _a[Москва]
_aМосква
_cГизлегпром
_d1943
215 _a38 с. Без обл.
_cил.
_d19 см
700 1 _aРусаков
_bС.И.
_gСергей Иванович
801 0 _aRU
_bNLR
_gpsbo
801 1 _aRU
_bELAR
_2rusmarc
852 _aNLR
_jТ56 Г-4/33
942 _cBOOK
945 _aРоссийская национальная библиотека
980 _aNB
980 _aBV